City to Country - Misleading Edition - Statistics

General Stats
  • This quiz has been taken 12 times
  • The average score is 6 of 14
Answer Stats
Hint Note Answer % Correct
Alexandria Egypt
92%
Córdoba not Spain Argentina
75%
Hyderabad not India Pakistan
75%
Brest not France Belarus
58%
Truth or Consequences United States of America
58%
Valencia not Spain Venezuela
58%
Flensburg Germany
42%
Tripoli not Libya Lebanon
42%
Qaanaaq Denmark
33%
Kochi not India Japan
33%
Kashgar China
25%
Shillong India
25%
Lagos not Nigeria Portugal
17%
Copacabana Bolivia
0%
No matching quizzes found
Score Distribution
Percent of People with Each Score
Percentile by Number Answered
Your Score History
You have not taken this quiz